000 01826cam a22005054i 4500
003 PE-LiUPU
005 20250731165452.0
008 150623s r 000 0 d
020 _a080423129X
035 _a(Sirsi) i9780804231299
040 _aPE-LiUPU
_bspa
_cPE-LiUPU
_erda
049 _aPRUA
082 0 4 _a221.077
_bI
_221
100 1 _aAchtemeier, Elizabeth Ricer,
_d1926-,
_eautor.
245 1 0 _aNahum-Malachi.
_n34 /
_cElizabeth Ricer Achtemeier.
264 1 _aAtlanta, Georgia :
_bJohn Knox Press,
_c1986.
300 _a201 páginas ;
_c24 centímetros
336 _atext
_2rdacontent
337 _aunmediated
_2rdamedia
338 _avolume
_2rdacarrier
490 0 _aInterpretation; a Bible commentary for teaching and preaching
504 _aIncluye bibliografía.
505 0 _aNahum.- Habakkuk.- Zephaniah.- Haggai.- Zechariah.- Malachi.
526 _aSEG44
526 _aSEG26
526 _aP151
526 _aP150
526 _aP149
526 _aP146
526 _aP145
526 _aP126
526 _aP125
526 _aP92
526 _aP75
526 _aP74
526 _aP27
526 _aP15
630 _aBiblia.
_pA.T.
_pProfetas menores
_xCrítica, interpretación, etc.
942 _2ddc
_cBOOK
949 _aRC 221.077 I 34
_wDEWEY
_c1
_i37999
_d2016-4-19
_e2016-4-19
_lCCODEBUL1
_mBUL
_n1
_r0
_sY
_tBOOK
_u2015-6-24
_xTEOLOGIA
_PP35
_0COMPRA
_o.CIRCNOTE. No olvidar cambiar la fecha de devolución!!!!!!!
_o.STAFF. Colección General
994 _aC0
_bPEPRU
596 _a1
999 _aRC 221.077 I 34
_wDEWEY
_c21383
_i37999
_d21383
_e2016-4-19
_f2021-11-8
_g6
_lCCODEBUL1
_mBUL
_n1
_q7
_r1
_sY
_tBOOK
_u2015-6-24
_xTEOLOGIA
_PP35
_0COMPRA
_o.CIRCNOTE. No olvidar cambiar la fecha de devolución!!!!!!!
_o.STAFF. Colección General
980 _81
_gALBERTO SANCHEZ Responsable de Automatización